Tax-exempt Foundations and Charitable Trusts : their Impact on our Economy. Installment No. 5. Subcommittee Chairman's Report.

Impact of the James Irvine Foundation and the Irvine Co. on the economy of Orange County, Calif.

Bibliographic Details
Corporate Authors: United States. Congress. House. Select Committee on Small Business, ProQuest (Firm)
Format: Government Document eBook
Language:English
Published: [Place of publication not identified] : [publisher not identified], 1967.
Series:U.S. Congressional Research.
Subjects:
Online Access:Connect to the full text of this electronic book

MARC

Tag First Indicator Second Indicator Subfields
LEADER 00000cam a22000001a 4500
001 in00003312821
006 m d f
007 cr bn mmmapmmp
008 100520s1967 dcu o f000 0 eng d
005 20260430224958.4
035 |a cis2007840828 
040 |a LexisNexis  |c LexisNexis  |d UtOrBLW 
043 |a n-us--- 
086 0 |a Y 4.Sm 1:T 19/2/5th inst  
099 |a CMP-1967-SBH-0001 
110 1 |a United States.  |b Congress.  |b House.  |b Select Committee on Small Business. 
245 1 0 |a Tax-exempt Foundations and Charitable Trusts :  |b their Impact on our Economy. Installment No. 5. Subcommittee Chairman's Report. 
264 1 |a [Place of publication not identified] :  |b [publisher not identified],  |c 1967. 
300 |a 1 online resource. 
336 |a text  |b txt  |2 rdacontent 
337 |a computer  |b c  |2 rdamedia 
338 |a online resource  |b cr  |2 rdacarrier 
500 |a Record is based on bibliographic data in LexisNexis U.S. Congressional Research Digital Collection (last viewed May 2010). Reuse except for individual research requires license from LexisNexis. 
500 |a Print. 
520 |a Impact of the James Irvine Foundation and the Irvine Co. on the economy of Orange County, Calif. 
500 |a Electronic resource. 
610 2 0 |a Irvine Company. 
650 0 |a Business ethics. 
650 0 |a Economic policy. 
655 7 |a Electronic books.  |2 local 
710 2 |a ProQuest (Firm) 
776 0 8 |i Microfiche version:   |a United States. Congress. House. Select Committee on Small Business.  |t Tax-exempt Foundations and Charitable Trusts: their Impact on our Economy. Installment No. 5. Subcommittee Chairman's Report.  |o H5038 
830 0 |a U.S. Congressional Research. 
856 4 0 |u http://proxy.library.tamu.edu/login?url=https://congressional.proquest.com/congcomp/getdoc?CRDC-ID=CMP-1967-SBH-0001  |z Connect to the full text of this electronic book  |t 0 
999 |a MARS 
999 f f |s 07d31b01-54e8-3f85-abfa-8c8ef1d254b5  |i d53d23a8-32f2-3968-817e-17bddb8ac222  |t 0 
952 f f |a Texas A&M University  |b College Station  |c Electronic Resources  |s www_evans  |d Available Online  |t 0  |e CMP-1967-SBH-0001  |h Other scheme 
998 f f |a CMP-1967-SBH-0001  |t 0  |l Available Online